Statistics for U.S. States that Border a Foreign Country

Click here to take the quiz!

General Stats

  • This quiz has been taken 41 times
  • The average score is 15 of 17

Answer Stats

Length of border (miles)Answerlength of border (km)% Correct
179.5New Mexico288.9
97%
1241Texas1997.2
97%
427Washington687
97%
1,538Alaska2,475
95%
140.4California226
95%
611Maine938
95%
372.5Arizona599.5
92%
721Michigan1,160
92%
445New York716
92%
310North Dakota499
92%
45Idaho72
90%
545Montana877
90%
547Minnesota880
85%
90Vermont145
85%
58New Hampshire93
77%
42Pennsylvania68
67%
146Ohio235
62%

Score Distribution

Percentile by Number Answered

Percent of People with Each Score

Your Score History

You have not taken this quiz